LEADER 00970nam a2200229 i 4500 001 000000037418 003 CaOOAMICUS 005 20091104000000.0 008 091104s1958 it u000 u ita u 013 $a7680 040 $aSeMil$bita 100 1 $aBertetto, Domenico .$0(OLS)http://semarc/name/9748 245 10$aMaria madre universale :$bmariologia /$cDomenico Bertetto. 260 $aFirenze :$bLibreria editrice fiorentina,$cstampa 1958. 300 $a791 p. ;$c26 cm. 490 0 $aNuovo corso di teologia cattolica ;$v5 650 4$aMariologia.$0(OLS)http://semarc/subject/451 830 0$aNuovo corso di teologia cattolica ;$v5.$0(OLS)http://semarc/title/210 850 $aSeMil 852 $aSeMil$W1$xVenegono$y1$m2B V 151$j3573$B3573$CSeMilBibl$Z2$F3573 $81 996 $6245$aMaria madre universale :$bmariologia$9(OLS)http://semarc/title/52365 996 $6260$aFirenze :$bLibreria editrice fiorentina$9(OLS)http://semarc/publisher/29690 LEADER 00973nam a2200241 i 4500 001 000000123165 003 CaOOAMICUS 005 20220214123848.0 008 040217s1961 it u000 u ita u 013 $a95861 040 $aSeMil$bita 100 1 $aMarvardi, Umberto,$d<1903-1990>.$0(OLS)http://semarc/name/51166 245 13$aLa poesia religiosa del Petrarca volgare /$cUmberto Marvardi. 264 1$aRoma :$bStudium,$cstampa 1961. 300 $a93 p. ;$c21 cm. 500 $aErrata corrige alleg. 650 4$aPetrarca, Francesco <1304-1374> . Canzoniere.$0(OLS)http://semarc/subject/3944 650 4$aPoesia religiosa.$0(OLS)http://semarc/subject/6824 850 $aSeMil 852 $aSeMil$W1$xVenegono$y1$m1O II 248$j212344$B225592$CSeMilBibl$Z2$F225592 $81 996 $6245$aLa poesia religiosa del Petrarca volgare$9(OLS)http://semarc/title/181241 996 $6264$aRoma :$bStudium$9(OLS)http://semarc/publisher/29617